International franchise e-handbook.
| Format: | Book |
|---|---|
| Published: |
Hampshire, UK:
Franchiseek,
2012.
|
| Subjects: |
| LEADER | 00458cam a2200145 7i4500 | ||
|---|---|---|---|
| 001 | 0000028159 | ||
| 005 | 20120828090000.0 | ||
| 090 | 0 | 0 | |a I 381.13 |b INT |
| 245 | 0 | 0 | |a International franchise e-handbook. |
| 260 | 0 | 0 | |a Hampshire, UK: |b Franchiseek, |c 2012. |
| 300 | # | # | |a 64 p. |
| 650 | 0 | 0 | |a Franchises (retail trade) |
| 650 | 0 | 0 | |a Franchises -- |x E-handbooks |
| 650 | 0 | 0 | |a Franchises -- |x Handbooks, manual etc. |
| 999 | |a 0000030622 |b Book |c International |e Business Information Centre | ||